[Event "Lvov Cup of Galychina"]
[Site "Lvov"]
[Date "2001.12.26"]
[Round "8"]
[White "Golod, Vitali"]
[Black "De Vreugt, Dennis"]
[Result "1-0"]
[WhiteElo "2517"]
[BlackElo "2437"]
[Annotator "Golod,V"]
[PlyCount "69"]
[EventDate "2001.12.18"]
[EventType "tourn"]
[EventRounds "11"]
[EventCountry "UKR"]
[EventCategory "11"]
[SourceTitle "CBM 087"]
[Source "ChessBase"]
[SourceDate "2002.03.21"]
[SourceVersion "1"]
[SourceVersionDate "2002.03.21"]
[SourceQuality "1"]

1. d4 Nf6 2. c4 e6 {The first surprise. I a lot of time has spent before a
game for slavic defence.} 3. Nf3 c5 4. d5 d6 5. Nc3 exd5 6. cxd5 g6 7. h3 a6 8.
a4 ({Also it deserves attention:} 8. e4 $5 {See comments to Psakhis,
L-Spraggett,K/Barcelona,1993/CBM 38(1-0)(Stohl,I)(52)}) 8... Qe7 9. Bf4 $5 {
Besides,white has two principales moves:} (9. g3 $5 {See comments to Ivanchuk,
V-Topalov,V/Istanbul,2000(1/2-1/2)(Stohl,I)(43)}) ({and} 9. Bg5 $5 {See
comments to Danailov,S-Marin,M/Benasque,2000/CBM 78(0-1)   (Marin,M)(32)}) 9...
Bg7 ({The main theoretical continuation in this position:} 9... Nbd7 $5 10. e3
Bg7 11. Be2 O-O 12. O-O Rb8 13. Re1 Ne8 14. e4 Nc7 15. Bf1 {+/=/= Van Wely,
L-Ivanchuk,V/Wijk aan Zee,2001 (1/2-1/2)(71)}) 10. Nd2 O-O 11. e3 $5 ({
Dubiously:} 11. Nc4 $6 {in view of:} Ne4 $1 (11... Rd8 $143 12. e3 Ne8 13. a5
$36 {See comments to Blagojevic,D-Arsovic,Z/Podgorica,1996/CBM 53(1-0)(Stohl,I)
(43)}) (11... Ne8 $4 12. Nb6 {[%csl Ra8,Rc8]}) 12. Nxe4 Qxe4 13. e3 Rd8 $1 (
13... Nd7 $2 14. Be2 Nf6 15. O-O Rd8 16. Nxd6 Qe7 (16... Qxd5 17. Bc4 {[%csl
Rf7]}) 17. Nxc8 Raxc8 18. d6 Qd7 19. Qb3 Re8 20. Rfd1 Re4 21. Bc4 h6 22. Bh2 g5
23. f3 Ree8 24. e4 $18 {Bonin,J-Klovsky,R/New York,1994 (1-0)(34)}) 14. Nxd6
$140 Qb4+ 15. Qd2 Bxb2 16. Qxb4 cxb4 17. Rd1 Bc3+ 18. Ke2 Nd7 $13) 11... Nbd7 (
{From my point of view,it was a little better:} 11... Nh5 $5 12. Bh2 f5 {
[%cal Gf5f4]} (12... Nd7 $2 13. Be2 {[%csl Rh5]} Nhf6 14. O-O Ne8 15. Nc4 b6
16. Ra3 Rb8 17. Rb3 {+/=/+/- Tran Ngoc Thach-Myo Naing/Vung Tau,2000(1-0)(30)})
13. Be2 (13. Nc4 $2 f4 $1 14. Be2 fxe3 15. Bxh5 Rxf2 (15... Qh4 $5) 16. Bg3
Rxg2 17. Qf3 Rxb2 $17 {Raicevic,V-Wojtkiewicz,A/Athens,1992 (1/2-1/2)(42)})
13... f4 14. O-O $5 (14. e4 $143 Qg5 15. Nc4 Nd7 16. Nxd6 Ne5 $132 {[%csl Ye5,
Rg2] Bass,L-Sjoberg,M/Graz,1981(0-1)(36)}) 14... fxe3 15. fxe3 Qxe3+ 16. Kh1
Ng3+ 17. Bxg3 Qxg3 18. Rxf8+ Bxf8 19. Nce4 Qh4 20. Qb3 Nd7 (20... Qe7 $142 21.
Bf3 $44 {[%cal Gd2c4]}) 21. Bg4 $1 $36 {Gunawan,R-Kovacevic,V/Vrnjacka Banja,
1988(1-0)(34)}) 12. Nc4 $146 {[%csl Rd6]} ({Was checked in the previous games:
} 12. Be2 $5 Rb8 13. O-O Ne5 (13... Ne8 $143 14. Bh2 f5 15. Qb3 Nc7 16. Nc4 Ne5
17. Qb6 $14 {Deshmukh,A-Marin,M/Calcutta,1999(0-1) (35)}) 14. a5 Nfd7 15. Bh2
g5 16. e4 Ng6 17. Bg4 Nde5 18. Bxc8 Rbxc8 19. Ra3 Nf4 20. Qb1 Qf6 21. Nd1 $14 {
[%csl Rf5][%cal Gd1e3,Ge3f5] Granda Zuniga,J-Galego,L/Las Palmas,1997(1-0)(49)}
) 12... Ne8 13. Be2 b6 $6 {[%mdl 16384]} ({Can be recommended:} 13... f5 $5)
14. Ra3 $1 {[%cal Ga3b3] Now black get in a "positional clip" on the queen
side.} Rb8 15. Rb3 $14 {[%csl Rb6,Rd6]} f5 ({Weakly:} 15... Be5 {because of:}
16. Bxe5 dxe5 17. d6 Qd8 18. Nd5 {[%csl Rb8,Rc6,Rd8][%cal Gd5e7,Ge7c6]}) 16.
O-O Kh8 17. Re1 {[%csl Ge1,Re7]} Be5 {Differently,it is impossible to leave
from a "clip".} 18. Bxe5+ (18. Bf1 $5 {[%csl Ge1,Re7] (an interesting idea
which was mentioned by Zheliandinov,V after the game).}) 18... dxe5 19. d6 Qd8
({Senselessly:} 19... Qe6 {in view of:} 20. f4 {[%csl Re6,Rh8] and black's
queen is not on an ideal place.}) 20. e4 {It is necessary to open a position
of black in the centre.} f4 ({Is a possible continuation of the play:} 20...
Bb7 $5 21. Bf3 (21. f4 $143 exf4 22. e5 Ng7 23. Bf3 $44) 21... f4 {+/=/=}) 21.
Bg4 {[%csl Rb6,Yd7,Re5][%cal Gg4d7]} Nef6 $8 22. Be6 ({Leads to approximate
equal position:} 22. Bxd7 $143 Nxd7 23. Qf3 Bb7 24. Rd1 Bc6 {[%cal Gb6b5]})
22... Bb7 ({It deserves attention:} 22... Re8) 23. Nd5 {Probably,it was not
necessary to hasten with this move.A little bit better is:} (23. Qd2 Bc6 24.
Ra3 Re8 25. Bd5 $14) 23... Bc6 $6 {[%mdl 16384]} ({Much better is:} 23... Bxd5
24. Bxd5 (24. exd5 $143 b5 $1 25. axb5 axb5 26. Nxe5 (26. Na3 $6 Qa5 $13 (26...
b4 $2 27. Nc4 $16)) 26... Nxe5 27. Rxe5 Qxd6 28. Re1 c4 29. Rc3 {+/=/=}) 24...
b5 25. axb5 axb5 26. Na3 Nxd5 27. Qxd5 Qa5 28. Ra1 $1 $14 {[%csl Ga1][%cal
Ya3c2]}) 24. Nxf6 Rxf6 ({Leads to losing position:} 24... Nxf6 $2 25. Nxe5 Bxa4
26. Nf7+ Rxf7 27. Bxf7 Qd7 28. Bc4 b5 29. e5 $1 Ne8 30. Qd5 $18 {[%csl Gd6,Ge5]
}) 25. Bxd7 Bxd7 ({Impossibly:} 25... Qxd7 $2 {because of:} 26. Nxe5 $18 Qxd6
$140 $2 27. Nf7+ {[%csl Gd1,Rd6,Rh8]}) 26. Rd3 Bxa4 $2 {Dennis De Vreug not
correctly has estimated consequences of this combination.} ({More stubborn
resistance after:} 26... Re6 27. Rd5 Qf6 (27... Qe8 $143 28. b3 {[%csl Re5,Rh8]
[%cal Gc4e5,Gd1a1]} Kg7 29. Qa1 Kf6 30. a5 $16 {[%csl Rb6,Rc5]}) 28. a5 {
[%csl Rb6,Rc5] +/=/+/-}) 27. Qxa4 b5 28. Qxa6 bxc4 29. Qxc4 Rxd6 30. Red1 $1 ({
Much worse is:} 30. Rd5 Rxd5 31. exd5 Qd6 $14 {[%csl Yd6][%cal Yd6c5,Yd6e5]})
30... Rd4 $2 {[%mdl 8192]} ({After:} 30... Rxd3 $142 31. Rxd3 Qe7 32. Rd5 {
[%csl Rc5,Re5]} Rb4 33. Qc3 Rxe4 34. Rxc5 $16 Qd6 35. Rb5 {[%csl Rh8] white
has a strong attack}) ({Also loses right away:} 30... Rb4 $2 31. Qxc5 Rxd3 32.
Rxd3 $18 {[%csl Rb4,Rh8]}) ({and} 30... Rbb6 $2 31. Qxc5 Rxd3 32. Rxd3 {
[%csl Rh8]} Qb8 (32... Qf6 33. Qc7 {[%csl Rh8][%cal Gd3d8]}) 33. Qe7 {[%csl
Rb8,Rh8][%cal Gd3d8]}) 31. Qxc5 $1 $18 {This position,I saw,when did the 26-th
move.} Qf6 (31... Rxd3 $143 32. Qxe5+ Kg8 33. Rxd3 {[%csl Rb8,Rf4]} Qxd3 34.
Qxb8+ Kg7 35. Qe5+ $1 {[%csl Rd3,Rf4][%cal Ge5f4,Ge5d5]}) 32. Rxd4 exd4 33.
Rxd4 Re8 ({It is impossible to take away a pawn:} 33... Rxb2 {in view of:} 34.
Qc8+ (34. Rd6 $143 Rc2 $8) 34... Kg7 35. Rd7+ Kh6 36. Qg8 $18 {[%csl Rh7]}) 34.
Qc3 h5 $138 {[%mdl 8192]} (34... Rf8 $144 35. Rd8 $1 {[%csl Gc3,Gd8,Rf6,Rf8,
Rh8]} Qxc3 36. Rxf8+ Kg7 37. bxc3 Kxf8 $18) (34... Kg8 $142 35. Qc4+ Kh8 36.
Rd7 $18) 35. Rd8 $1 {[%csl Gc3,Gd8,Re8,Rf6,Rh8]} 1-0

[Event "EU-Cup 21st"]
[Site "Saint Vincent"]
[Date "2005.09.18"]
[Round "1.1"]
[White "Pedersen, Nicolai Vesterbaek"]
[Black "McShane, Luke J"]
[Result "1-0"]
[WhiteElo "2488"]
[BlackElo "2625"]
[Annotator "Hazai,L"]
[PlyCount "91"]
[EventDate "2005.09.18"]
[EventType "team-swiss"]
[EventRounds "7"]
[EventCountry "ITA"]
[SourceTitle "CBM 110"]
[Source "ChessBase"]
[SourceDate "2006.01.31"]
[SourceVersion "1"]
[SourceVersionDate "2006.01.31"]
[SourceQuality "1"]
[WhiteTeam "Calder"]
[BlackTeam "Werder Bremen"]
[WhiteTeamCountry "NED"]
[BlackTeamCountry "GER"]

1. d4 Nf6 2. c4 g6 3. Nc3 Bg7 4. Nf3 O-O 5. Bg5 c5 6. d5 d6 7. e3 e6 (7... h6 {
Black usually inserts this move first before chosing between the various plans.
} 8. Bh4 g5 (8... e5 {- Avrukh-Gadjily, Batumi EU-chT 1999 CBM 78}) (8... a6 {
- Yusupov-Gallagher, Dresden zt 1998 CBM 65}) (8... e6 {- Gulko-Sammour,
Chandler 1997 CBM 61}) 9. Bg3 Nh5 {- Agrest-Kozul, EU-chT 2003 CBM 98}) 8. Nd2
{Now Black has no h6, g5 Nh5 plan anymore exchanging the important B.} (8. Be2
Na6 (8... h6 9. Bh4 exd5 10. cxd5 g5 11. Bg3 Nh5 12. Nd2 Nxg3 13. hxg3 Nd7 14.
Qc2 {The light squares are weak in Black's camp, but his fianchettoed B is
very strong.} Re8 15. Nc4 Ne5 16. Nxe5 Rxe5 17. g4 Bd7 $13 {Moreno
Trujillo-Matamoros Franco, Lorca 2003}) 9. Nd2 {- 8.Nd2}) 8... Na6 (8... h6 9.
Bh4 exd5 (9... Na6 10. Be2 (10. e4 exd5 11. cxd5 {Now we get into a clear
Benoni type of position, where Black can make profit from his extra tempo.} Nc7
12. a4 a6 13. Be2 Rb8 {/\ b5} 14. a5 (14. O-O {allows Black's main counterplay
on the <<.} b5 15. axb5 Nxb5 {Black wants to get rid of his passive c7 N.} (
15... axb5 $5) 16. Re1 (16. Nxb5 axb5 $132) 16... Re8 17. Bd3 Qc7 18. Nc4 {
(1/2-1/2 Jussupow-Istratescu, Elista 1998)} Nh5 $5 $13) 14... Bd7 15. O-O Bb5 {
This is a typical way solving the problem of the c8 B.} 16. Bc4 (16. Nc4 $5)
16... Qd7 17. h3 (17. Re1 Ng4 $5 (17... Rbe8 18. h3 {- 17.h3})) 17... Rbe8 18.
Re1 Nh5 {>< f4, Black has activated his pieces on both flanks.} 19. Qg4 Qxg4 {
1/2-1/2 Slipak-Ricardi, Villa Martelli 1998}) 10... exd5 (10... Nc7 11. O-O (
11. e4 {In the sharp Benoni one tempo is of vital importance!} exd5 12. cxd5 (
12. exd5 b5 $5 13. cxb5 Qd7 $44) 12... b5 $1 13. Bxb5 {(Akobian-Khruschiov,
Moscow 2000)} Nxb5 14. Nxb5 Qd7 15. Nc3 Ba6 {and White has problems with
castles, Black gets Benko Gambit type of counterplay.} 16. Qa4 Qb7 $44) 11...
exd5 12. cxd5 {- 9...exd5}) 11. cxd5 {- 9...exd5}) 10. cxd5 Na6 11. Be2 Nc7 12.
O-O Qd7 (12... b5 {looks a bit premature.} 13. Bxb5 Rb8 14. Be2 g5 15. Bg3
Nfxd5 16. Nxd5 Nxd5 17. Nc4 Be6 18. Bxd6 Bxb2 19. Bxb8 Bxa1 20. Qxa1 Qxb8 21.
g3 $14 {Skembris-Vouldis, Karditsa 1996}) 13. Qb3 b5 $5 $13 (13... b6 $6 {
is inferior, the B is only a passive defender on b7.} 14. a4 Bb7 15. e4 $16 {
Pert-Bates, BCF chT 2000})) 9. Be2 exd5 (9... h6 {The insertion of this move
is usually good for Black.} 10. Bh4 exd5 (10... Nc7 {- 8...h6}) 11. cxd5 Nc7 {
- 8...h6}) 10. cxd5 Nc7 11. e4 Re8 (11... h6 12. Bh4 b5 $5 {Black has to find
a counterplay on the << quickly, this is the typical method in the Benoni.} 13.
Nxb5 Nxb5 14. Bxb5 Rb8 15. Bd3 Rxb2 16. O-O (16. Nc4) 16... g5 17. Bg3 (17. Nc4
Rb4 18. Bg3 Nxe4 $1) 17... Nh5 18. Nc4 (18. Qxh5 Rxd2) 18... Nxg3 19. fxg3 (19.
hxg3 Rb4 (19... Rb8)) 19... Rb4 $13 {Black has a wonderful fianchettoed B, but
the light squares are weak.}) 12. O-O b6 $2 {As we see it later, Black has no
time for that.} (12... h6 13. Bh4 Qd7 {was required immediately.} 14. a4) 13.
f4 $1 {White is ready for the central breakthrough.} (13. a4) 13... h6 (13...
Qd7 {leads to similar position to the game.} 14. Bxf6 $1 Bxf6 15. e5 $1 dxe5
16. Nde4 Bg7 17. d6 exf4 18. dxc7 Qxc7 19. Nd5 Qd8 20. Rxf4 $16) 14. Bh4 Qd7
15. Bxf6 $1 {The beginning of the well-known blow.} (15. a4 Ng4) 15... Bxf6 16.
e5 $1 {This is the typical Benoni type of breakthrough in the [+].} dxe5 17.
Nde4 $1 Bg7 18. d6 {The d6 o^ is strong and the white knights invade the [+].}
exf4 19. dxc7 Qxc7 20. Bf3 (20. Nd5 $1 Qd8 21. Rxf4 $16 {and Black has not
enough material for the sacrificed piece.}) 20... Bd4+ ({missing} 20... Be6 $1
21. Qd6 Rac8 {Black has 3 pawns and a strong ^^ for the N.[#]}) 21. Kh1 Ba6 22.
Re1 Kg7 23. Qa4 Bb7 24. Nd2 (24. Nb5 $1 Qd7 25. Qb3 {and Black has to give up
the ^^.}) 24... Re3 25. Bxb7 Qxb7 26. Rxe3 fxe3 27. Nf3 {White can blockade
the pawns on the light squares.} Rd8 28. Qc2 Qe7 29. Ne2 Bf6 30. Re1 b5 31. b3
c4 32. bxc4 Rc8 33. h3 bxc4 {Now Black's position begins to deteriorate and he
loses some pawns later.} (33... Rxc4 $1 {still gave excellent chances to keep
the balance.}) 34. Nc3 Qb4 35. Rxe3 Rd8 36. Ne4 $18 Bb2 37. h4 Re8 38. Re2 Ba1
39. Qc1 Bf6 40. Re1 Bb2 41. Qc2 f5 42. Rb1 fxe4 43. Rxb2 Qe7 44. Qc3+ Kh7 45.
Re2 Rb8 46. Qe1 1-0

[Event "Sinquefield Cup 4th"]
[Site "Saint Louis"]
[Date "2016.08.11"]
[Round "6"]
[White "Nakamura, Hikaru"]
[Black "Caruana, Fabiano"]
[Result "1/2-1/2"]
[WhiteElo "2791"]
[BlackElo "2807"]
[Annotator "Iotov,V"]
[PlyCount "117"]
[EventDate "2016.08.05"]
[EventType "tourn"]
[EventRounds "9"]
[EventCountry "USA"]
[EventCategory "22"]
[SourceTitle "CBM 174"]
[Source "ChessBase"]
[SourceDate "2016.09.13"]
[SourceVersion "1"]
[SourceVersionDate "2016.09.13"]
[SourceQuality "1"]

1. d4 Nf6 2. c4 e6 3. Nf3 c5 4. d5 d6 5. Nc3 exd5 6. cxd5 g6 7. Bf4 Bg7 8. Qa4+
({Another interesting option is:} 8. h3 $5 O-O 9. e3 a6 10. a4 Re8 11. Nd2 Nbd7
12. Be2 (12. Nc4 Ne4 13. Nxe4 Rxe4 14. Bd3 Rxc4 $1 15. Bxc4 Bxb2 16. Rb1 Bc3+
17. Ke2 $6 (17. Kf1 $142) 17... b5 $1 18. axb5 Nb6 $1 (18... axb5 $6 19. Bxb5
Ra2+ 20. Kf1 Ne5 21. Bxe5 Bxe5 22. Bc4 Ra3 23. g4 f5 24. Kg2 $16 {1-0 Sokolov,
I (2650)-Fier,A (2580)/Dubai UAE 2014}) 19. Qb3 Bf6 $15) 12... Ne5 13. O-O Nfd7
14. Bg3 f5 15. Qc2 b6 16. Kh1 Nf6 17. Qb3 Rb8 18. Rad1 Qc7 19. Rfe1 Bb7 20.
Bxe5 Rxe5 21. Nc4 Ne4 22. Kg1 Re7 23. Nxe4 Rxe4 24. Bf3 Re7 25. Qxb6 Qxb6 26.
Nxb6 Bxb2 27. Rd3 Be5 28. Rb3 Bc8 29. Reb1 a5 30. Nc4 $16 {1-0 Cheparinov,I 
(2675)-Dimov,D (2340)/Pleven BUL 2015}) 8... Bd7 9. Qb3 b5 $1 {Seems to be the
most logical way for Black to create counterplay that is also in the style of
the position!} (9... Qc7 10. e4 O-O 11. Nd2 Nh5 12. Be3 f5 13. exf5 Bxf5 14.
Be2 Nf6 15. Nc4 Qd7 16. O-O Na6 17. Rac1 $14 {1-0 Anton Guijarro,D (2630)
-Perunovic,M (2624)/Reykjavik ISL 2015}) 10. Bxd6 Qb6 11. Be5 O-O 12. e3 c4 (
12... b4 $5 13. Nb1 Bf5 (13... Bb5 $6 14. Bxb5 Qxb5 15. Na3 Qd7 16. Bxf6 Bxf6
17. Nc4 Qxd5 18. Nb6 $1 (18. O-O $6 Qb7 19. a4 Nd7 20. Nfd2 Rad8 21. Rad1 Qc6
22. Qc2 Rfe8 23. b3 Bc3 24. Nb1 Bg7 $11 {1-0 L'Ami,E (2627)-Werle,J (2533)/Den
Bosch NED 2012}) 18... Qxb3 19. axb3 Bxb2 20. Ra2 axb6 21. Rxa8 $18) 14. Nbd2
Nbd7 15. Nc4 Qd8 16. d6 a5 17. Bd3 Nxe5 18. Nfxe5 Be6 $44) 13. Qd1 b4 14. Nb1 (
14. Ne2 $5 {Transfering the knight to f4 removes if from harm (compared to d2)
and also helps secure the d5-pawn.} Rc8 15. Nf4 h6 $6 (15... Bg4 $5) 16. Bd4
Qb7 17. Ne5 (17. h4 $1 $16) 17... g5 18. Nxc4 gxf4 19. Nd6 Qxd5 20. Nxc8 Bxc8
$11 {1-0 Oparin,G (2572)-Cordova,E (2610)/Moscow RUS 2016}) 14... Rc8 15. Nbd2
(15. Be2 {Attempting to develop the kingside leaves the d5-pawn unprotected.}
Qc5 (15... Bf5 16. O-O Nbd7 17. Bd4 Qa5 18. Nfd2 Nb6 19. Bxb6 axb6 20. Nxc4 $16
) 16. a3 Qxd5 17. axb4 Qxd1+ 18. Bxd1 Nc6 19. Bc3 Nd5 $44) 15... Bb5 (15... c3
$5 16. Nc4 $1 (16. bxc3 $2 bxc3 17. Nc4 Qa6 $1 18. Nd6 c2 19. Qd2 Qa3 20. Nxc8
Ne4 21. Qxc2 Bxe5 22. Nxe5 Qa5+ 23. Ke2 Nc3+ 24. Ke1 Ne4+ $11) 16... Qc5 17.
bxc3 Nxd5 18. Bxg7 Kxg7 19. Qd4+ Kg8 20. cxb4 Qxb4+ 21. Ncd2 Qxd4 22. Nxd4 Nc6
$32) 16. a4 $1 (16. Rc1 c3 17. bxc3 Bxf1 18. Nxf1 Nbd7 19. Bd4 Qa6 20. cxb4 $2
(20. Ng3 $142 bxc3 21. Ne2 $14) 20... Rxc1 21. Qxc1 Rc8 22. Qb1 Nxd5 23. Bxg7
Kxg7 24. Qb2+ N7f6 25. b5 Qa4 26. Nd4 Nb4 27. Qb3 Qa5 28. Ke2 Nxa2 29. Kf3 Rc3
$19 {0-1 Nezad,H (2405)-Adhiban,B (2627)/Biel SUI 2015}) 16... bxa3 17. Rxa3 (
17. Bd4 axb2 $1 18. Bxb6 c3 $3 19. Bd4 c2 20. Bxb2 cxd1=Q+ 21. Rxd1 Bxf1 22.
Kxf1 Nxd5 23. Bxg7 Kxg7 24. Ne4 Nf6 25. Nxf6 Kxf6 $11) 17... Bf8 $1 {In my
opinion, an illogical continuation because it leaves the White bishop to
freely roam on the a1-h8-diagonal. Yet, it also appears to be the best move in
the position!} (17... Nxd5 18. Bxg7 Kxg7 19. Qa1 Kg8 $1 (19... Qf6 20. Nd4 Nb4
21. Qc1 $16) 20. Be2 Nd7 21. Nd4 $14 {with an undeniable positional advantage
for White due to the better pawn structure and more active piece placement.}) (
17... Nbd7 18. Bd4 Qb7 19. d6 $16) 18. Bd4 Qb7 19. Ra1 $6 ({Placing the Black
bishop to d6 where it could be a potential target due the X-Ray from the queen
on d1.} 19. d6 $5 Bxd6 20. Ra1 Nd5 21. Be2 $14) 19... Nxd5 20. Be2 Nc6 $11 21.
O-O Nxd4 $6 {It's needless to take the bishop straight away when it simply has
nowhere to escape.} (21... Qe7 $1 22. Bc3 (22. Nxc4 $6 Nxd4 23. Qxd4 Rd8 $1 $44
) 22... Nxc3 23. bxc3 Bg7 24. Qc2 a6 $11) 22. Nxd4 a6 23. Bf3 (23. Ne4 $5)
23... Rd8 24. Ne4 Qb6 25. Nc3 Nxc3 26. bxc3 $14 {[%csl Ra6,Rb5,Rc4,Yd4,Gf3]
[%cal Ga1a6]} Rac8 27. Qc2 $6 {I don't find the queen on c2 to be of any
particular use for White.} (27. Qe2 $142 {[%csl Rc4,Yf3][%cal Ge2c4,Gf3b7,
Ge2f3,Gg2g3,Gh2h4] Keeps the bishop on f3 under control.} Qf6 28. g3 h5 29. h4
Rc5 30. Bb7 Rb8 31. Qf3 $14) 27... Qf6 28. Rfb1 Rc5 29. Bd1 $5 {[%cal Gc2e2,
Gd1a4] Attempting to exchange the bishop on b5 - the only protector of Black's
queenside.} (29. Qa2 h5 30. Bb7 Rd6 31. e4 $6 {[%cal Gb7d5]} Rxd4 32. cxd4 Qxd4
$44) 29... Bg7 (29... h5 $5) 30. Qe2 Qe7 31. Rb2 {[%csl Ye2][%cal Gb2e2]} (31.
Ba4 $4 Bxd4 32. cxd4 Rxd4 $19) (31. Qf1 $5) 31... Qe8 (31... h5 32. Ba4 Bxa4
33. Rxa4 a5 $11) 32. Rba2 h5 33. Ba4 (33. Qf1 $5 $14 {[%cal Gd1a4] Avoiding
the complications following the game, while keeping Black at bay with no
stable counterplay.}) 33... Bxa4 34. Rxa4 Bxd4 35. cxd4 Rxd4 36. exd4 Qxe2 37.
dxc5 c3 38. Rc1 c2 39. Rd4 Qb5 40. Rd2 Qxc5 41. Rdxc2 Qa3 42. h4 a5 $11 {
With a fair equality and zero chances for a win from both sides! The rest is a
matter of playing solid chess.} 43. g3 a4 44. Re1 Qb3 45. Rce2 Qc3 46. Re3 Qb2
47. R1e2 Qb4 48. Kh2 Kg7 49. Rf3 g5 50. hxg5 h4 51. Ree3 hxg3+ 52. Kxg3 Kg6 53.
Kh2 Qc4 54. Rg3 Qf1 55. Ref3 Qc4 56. Rf6+ Kg7 57. Rff3 Kg6 58. Rf6+ Kg7 59.
Rff3 1/2-1/2

[Event "WchT U26 02 fin-A"]
[Site "Mexico City"]
[Date "1980.08.27"]
[Round "4"]
[White "Jussupow, Artur"]
[Black "Christiansen, Larry Mark"]
[Result "1-0"]
[WhiteElo "2485"]
[BlackElo "2485"]
[Annotator "Jussupow,A"]
[PlyCount "75"]
[EventDate "1980.08.17"]
[EventType "team-tourn"]
[EventRounds "9"]
[EventCountry "MEX"]
[SourceTitle "MCD"]
[Source "ChessBase"]
[SourceDate "1999.07.01"]
[SourceVersion "1"]
[SourceVersionDate "1999.07.01"]
[SourceQuality "1"]
[WhiteTeam "Soviet Union"]
[BlackTeam "US of America"]
[WhiteTeamCountry "URS"]
[BlackTeamCountry "USA"]

1. d4 Nf6 2. c4 c5 3. d5 e6 4. Nc3 exd5 5. cxd5 d6 6. Nf3 g6 7. Nd2 Bg7 8. Nc4
O-O 9. Bg5 Qe7 10. e3 b6 11. Be2 Ba6 12. a4 h6 13. Bh4 g5 14. Bg3 Bxc4 15. Bxc4
Ne4 16. Nxe4 Qxe4 17. Qb3 Nd7 $6 (17... Bxb2 18. f3) (17... Qe7 $1 {Inf 30})
18. Bxd6 Qxg2 19. O-O-O Rfe8 20. Bg3 Qf3 21. h4 Re4 22. d6 Qf6 23. Rd2 Rae8 24.
hxg5 hxg5 25. Qd3 a6 26. Rc2 Rg4 27. Rd1 Ree4 28. Rdd2 Qf3 29. Kb1 Qh1+ 30. Rd1
Qh5 31. Bd5 Rd4 32. exd4 Rxd4 33. Bf3 g4 34. Qxa6 gxf3 35. Rxd4 Bxd4 36. Qc8+
Nf8 37. d7 Qh1+ 38. Ka2 1-0